00808nam a2200229 a 450000100100000000500170001000800410002702000150006804000250008308200160010810000270012424500680015126000380021930000210025749000260027850000680030470000270037283000330039904900090043295201200044199900170056100002420020200930022813.0110120s1982 mx r 000 0 spa d a9682311985 aDO-SdBNPbspacBNPHU axxxxbS689p1 aSologub, Fiodor94970413aUn pequeño demonio /cFiodor Sologub ; traducción N. Tasin. aMéxico, D. F. :bCONAFE,c1982. a175 p. ;c18 cm.1 aDe la gran literatura aIncluye referencia biográfica del autor en la contracubierta.1 aTasin, N.,etr.949705 0aDe la gran literatura929430 aBNGR 001054708MOaGRbGRcCTd2011-01-20iLF1l0oxxxx S689pp24200-10r2020-06-25w2020-06-25y4ZPréstamo en sala c23694d23694